| 000 | 01548nam a2200325 a 4500 | ||
|---|---|---|---|
| 001 | BRCA_3043 | ||
| 005 | 20190320204101.0 | ||
| 008 | 220109s1771----fr-a---###---#000-0#fre-u | ||
| 041 | _afre | ||
| 044 | _afr | ||
| 084 |
_a349 _b.L54 _c1771 |
||
| 100 | 1 |
_aCervantes Saavedra, Miguel de _d1547-1616 _9213 |
|
| 245 | 1 | 0 |
_aHistoire de L´Admirable Don Quichotte de la Manche _cMiguel de Cervantes Saavedra. |
| 260 |
_aParís _bLa compagnie libraires _c1771 |
||
| 300 |
_a6 v. _bil. _c17 cm. |
||
| 500 | _aContenido : v 1. Primera parte. Advertencia del traductor. Prólogo del autor. Texto. -- v 2. Texto. -- v 3. Segunda parte. Texto. -- v 4. Texto. -- v 5. Primera parte de la continuación por el traductor. -- v 6. Segunda parte de la continuación por el traductor | ||
| 500 | _aEdición : Nouvelle edition revueé corrigée et augmentée | ||
| 500 | _aReimpresión de la edición impresa por la misma Casa editorial, en 1768, pero adornada con láminas de R. Brunet. Piel; lomos decorados con dorados Lúdovik Osterc | ||
| 500 | _aQM273 | ||
| 546 | _aTexto en : francés | ||
| 650 | 1 | 4 |
_aNovela española _yÉpoca clásica, 1500-1700 _9215 |
| 650 | 1 | 4 |
_aLiteratura española _yÉpoca clásica, 1500-1700 _9216 |
| 650 | 1 | 4 |
_aNovela española _ySiglo XVII _9217 |
| 650 | 1 | 4 |
_aDon Quijote (Personaje ficticio) _eNovela _9218 |
| 700 | 1 |
_aSaint-Martin, Francois Filleau de _d1632-1695 _eTraductor _98353 |
|
| 700 | 1 |
_aBrunet, R. _eIlustrador _98354 |
|
| 740 | 0 | _aEl Ingenioso Hidalgo Don Quijote de la Mancha | |
| 902 | _aQFM | ||
| 942 |
_2lcc _cB |
||
| 999 |
_c2779 _d2779 |
||